Riconosci le Bandiere sbagliate - Quiz n°1 - Statistics

Statistiche generali
  • Questo quiz è stato fatto 59 volte
  • Il punteggio medio è 21 su 30
Statistiche sulle risposte
Domanda Casella Select % Corretto
tutte le bandiere sbagliate No
98%
tutte le bandiere sbagliate No
94%
tutte le bandiere sbagliate No
94%
tutte le bandiere sbagliate No
90%
tutte le bandiere sbagliate No
88%
tutte le bandiere sbagliate No
88%
tutte le bandiere sbagliate
86%
tutte le bandiere sbagliate No
86%
tutte le bandiere sbagliate No
86%
tutte le bandiere sbagliate No
84%
tutte le bandiere sbagliate
84%
tutte le bandiere sbagliate
84%
tutte le bandiere sbagliate No
82%
tutte le bandiere sbagliate No
80%
tutte le bandiere sbagliate No
80%
tutte le bandiere sbagliate No
80%
tutte le bandiere sbagliate No
76%
tutte le bandiere sbagliate
73%
tutte le bandiere sbagliate No
71%
tutte le bandiere sbagliate
71%
tutte le bandiere sbagliate
69%
tutte le bandiere sbagliate
67%
tutte le bandiere sbagliate No
63%
tutte le bandiere sbagliate
57%
tutte le bandiere sbagliate
55%
tutte le bandiere sbagliate
49%
tutte le bandiere sbagliate
43%
tutte le bandiere sbagliate
33%
tutte le bandiere sbagliate
20%
tutte le bandiere sbagliate
4%
Nessun quiz corrispondente trovato
Distribuzione punteggi
Percentuale di utenti per punteggio
Percentile per numero di risposta
I tuoi punteggi nel tempo
Non hai fatto questo quiz